| 000 -LEADER |
| fixed length control field |
00371nam a2200109Ia 4500 |
| 008 - FIXED-LENGTH DATA ELEMENTS--GENERAL INFORMATION |
| fixed length control field |
200302s9999 xx 000 0 und d |
| 100 ## - MAIN ENTRY--PERSONAL NAME |
| Personal name |
R. Anthony Hyman and Others |
| 245 ## - TITLE STATEMENT |
| Title |
Gentle Bridges : Architectur, art and Science Zwischen den Raumen : Architektur, kuntsr und wissenschaft |
| 260 ## - PUBLICATION, DISTRIBUTION, ETC. |
| Name of publisher, distributor, etc. |
Birkhauser Publlisher for Architecture |
| 260 ## - PUBLICATION, DISTRIBUTION, ETC. |
| Date of publication, distribution, etc. |
2003 |
| 300 ## - PHYSICAL DESCRIPTION |
| Extent |
119 P., |